| 000 | 00421nam a22001697a 4500 | ||
|---|---|---|---|
| 003 | SGT | ||
| 020 | _a9789352704644 | ||
| 082 |
_a617.96 _bS18Y |
||
| 100 | _aYADAV, AJAY | ||
| 245 | _aSHORT TB. OF ANESTHESIA | ||
| 250 | _a6TH | ||
| 260 |
_aINDIA _bJAYPEE PUB _c2018 |
||
| 300 | _a328 | ||
| 650 | _aANESTHESIA | ||
| 653 | _aEQUIPMENT IN ANESTHESIA , HISTORY OF ANESTHESIA, GENERAL ANESTHESIA | ||
| 942 |
_2ddc _cBK _0431 |
||
| 999 |
_c23744 _d23744 |
||